Antología crítica de la poesía modernista hispanoamericana /

Este libro pretende hacer llegar la poesía modernista hispanoamericana a un público general: al lector sencillamente interesado, o al estudiante deseoso de explorar una poesía que, en su conjunto, es por lo común de difícil acceso. En las páginas de introducción ofrece un prontuario de algunas de la...

Descripción completa

Detalles Bibliográficos
Otros Autores: Jiménez, José Olivio (comp.)
Formato: Libro
Lenguaje:español
Publicado: Madrid Hiperión 2011
Edición:7a. ed.
Colección:Poesía Hiperión 83
Materias:
Acceso en línea:

MARC

LEADER 00000cam a2200000 a 4500
001 034058
003 UAHC_CL
005 20170803123713.0
008 160802s2011 sp 000 spa
020 |a 9788475171494 
040 |a UAHC_CL  |c UAHC_CL  |d UAHC_CL 
082 0 4 |a H861.09  |b A634  |2 23 
245 1 0 |a Antología crítica de la poesía modernista hispanoamericana /  |c selección, introducción, notas y bibliografías de José Olivio Jimémez. 
250 |a 7a. ed. 
260 |b Hiperión  |a Madrid  |c 2011 
300 |a 461 p. 
490 0 |a Poesía Hiperión  |v 83 
520 |a Este libro pretende hacer llegar la poesía modernista hispanoamericana a un público general: al lector sencillamente interesado, o al estudiante deseoso de explorar una poesía que, en su conjunto, es por lo común de difícil acceso. En las páginas de introducción ofrece un prontuario de algunas de las cuestiones fundamentales, historiográficas y críticas,que puedan ayudar al mejor entendimiento del origen y de la evolución del modernismo, así como una biografía puesta al día que incluye todas las aportaciones de interés sobre el tema. Las viñetas de presentación de los poetas aportan un material más completo, tanto informativo como crítico, sobre cada uno de ellos. La antología, en fin, invita al lector al conocimiento y disfrute de los textos líricos más representativos de los autores seleccionados. En conjunto, el libro permite un acercamiento preciso y documentado a un movimiento, como el modernismo, capital para la historia de las letras hispánicas. 
650 4 |a POESIA HISPANOAMERICANA  |x HISTORIA Y CRITICA 
653 |a OB. PEDAGOGIA EN LENGUA CASTELLANA Y COMUNICACION 
700 1 |a Jiménez, José Olivio  |e comp. 
900 |a H861.09 ANT 
942 |c BK 
952 |0 0  |1 0  |4 0  |6 H_861_090000000000000_ANT  |7 0  |8 General  |9 65036  |a BR  |b BR  |c General  |d 2017-08-03  |l 2  |o H861.09 ANT  |p 1431153  |r 2026-01-13 00:00:00  |s 2024-11-21  |t 1  |w 2017-08-03  |y BK 
952 |0 0  |1 0  |4 0  |6 H_861_090000000000000_ANT  |7 0  |8 COMP  |9 65037  |a BS  |b BS  |c General  |d 2017-08-03  |o H861.09 ANT  |p 1431154  |r 2025-11-26 00:00:00  |t 1  |w 2017-08-03  |y BKL 
999 |c 34058  |d 34058